कन्नड़ की समकालीन कहानियॉं (Record no. 1019223)
[ view plain ]
| 000 -LEADER | |
|---|---|
| fixed length control field | 01121nam a2200289Ia 4500 |
| 003 - CONTROL NUMBER IDENTIFIER | |
| control field | OSt |
| 005 - DATE AND TIME OF LATEST TRANSACTION | |
| control field | 20221005110550.0 |
| 008 - FIXED-LENGTH DATA ELEMENTS--GENERAL INFORMATION | |
| fixed length control field | 221004b |||||||| |||| 00| 0 kan d |
| 020 ## - INTERNATIONAL STANDARD BOOK NUMBER | |
| International Standard Book Number | 9789326354189 (hbk) |
| 037 ## - SOURCE OF ACQUISITION | |
| Terms of availability | Textual |
| 040 ## - CATALOGING SOURCE | |
| Original cataloging agency | CRL |
| Transcribing agency | CRL |
| Language of cataloging | kan |
| 041 ## - LANGUAGE CODE | |
| Source of code | kan |
| Language code of text/sound track or separate title | kan |
| 100 ## - MAIN ENTRY--PERSONAL NAME | |
| Personal name | जौली, लवलीन |
| 245 #0 - TITLE STATEMENT | |
| Title | कन्नड़ की समकालीन कहानियॉं |
| 246 ## - VARYING FORM OF TITLE | |
| Title proper/short title | Kannaड़ kī samakālīn kahāniyaॉan |
| 260 ## - PUBLICATION, DISTRIBUTION, ETC. | |
| Place of publication, distribution, etc. | नई दिल्ली |
| Name of publisher, distributor, etc. | भारतीय ज्ञानपीठ भारत |
| Date of publication, distribution, etc. | 2016 |
| 300 ## - PHYSICAL DESCRIPTION | |
| Extent | 94पृ0 |
| Dimensions | cm. |
| 490 ## - SERIES STATEMENT | |
| Series statement | लोकोदय ग्रन्थमाला; ग्रन्थांक 1261 |
| 650 ## - SUBJECT ADDED ENTRY--TOPICAL TERM | |
| Topical term or geographic name entry element | कन्नड़ साहित्य |
| 650 ## - SUBJECT ADDED ENTRY--TOPICAL TERM | |
| Topical term or geographic name entry element | कन्नड़ कहानी |
| 942 ## - ADDED ENTRY ELEMENTS (KOHA) | |
| Classification part | O33,3N44x, 152Q6 |
| Koha item type | Textual |
| Source of classification or shelving scheme | |
| Withdrawn status | Lost status | Damaged status | Not for loan | Home library | Current library | Date acquired | Source of acquisition | Total Checkouts | Full call number | Barcode | Date last seen | Price effective from | Koha item type | Public note |
|---|---|---|---|---|---|---|---|---|---|---|---|---|---|---|
| Central Library | Central Library | 2022-10-05 | BW/1692, 15/03/2018, Bookwell | O33,3N44x 152Q6 | CL1658083 | 2022-10-05 | 2022-10-05 | Textual | Translated from Kannad to Hindi. |
